Dynamický model stability inflačného procesu na báze kvantitatívnej teórie peňazí

Systematické preskúmanie vzťahu dopytu po peniazoch a inflácii z pohľadu dynamizácie tohto problému. Inflačný proces a jeho stabilita. Matematická formulácia stability inflačného procesu. Odliv peňazí a stabilita inflačného procesu.

Uložené v:
Podrobná bibliografia
Hlavný autor: Husár, Jaroslav
Ďalší autori: Szomolányi, Karol, 1976-
Médium: Kapitola
Jazyk:Slovak
Predmet:
Tagy: Pridať tag
Žiadne tagy, Buďte prvý, kto otaguje tento záznam!

MARC

LEADER 00000naa$a2200000$$$4500
001 0093210
005 20240502083236.4
041 0 |a slo 
044 |a CZ 
245 1 0 |a Dynamický model stability inflačného procesu na báze kvantitatívnej teórie peňazí  |c Jaroslav Husár, Karol Szomolányi 
520 |a Systematické preskúmanie vzťahu dopytu po peniazoch a inflácii z pohľadu dynamizácie tohto problému. Inflačný proces a jeho stabilita. Matematická formulácia stability inflačného procesu. Odliv peňazí a stabilita inflačného procesu. 
610 2 0 |a teória peňažná 
610 2 0 |a politika hospodárska 
610 2 0 |a inflácia 
610 2 0 |a dopyt agregátny 
610 2 0 |a makroekonomika 
610 2 0 |a sila kúpna obyvateľstva 
610 2 0 |a sila kúpna peňazí 
100 1 |a Husár, Jaroslav 
700 1 |a Szomolányi, Karol, 1976-